| 000 | 01151cad a22002775a 4500 | ||
|---|---|---|---|
| 001 | L156917 | ||
| 008 | 120730e20120217xxkd f s 000 0 eng d | ||
| 035 | _a(Sirsi) u156917 | ||
| 041 | 0 | _aeng | |
| 110 | 2 |
_aRoyal Institution of Chartered Surveyors _bEconomics _95033 |
|
| 245 | 0 | 0 |
_aRICS global real estate weekly _b15 June 2012 _h[electronic resource] |
| 260 |
_aLondon _bRICS _c2012 |
||
| 490 | 0 |
_aRICS Global Real Estate Weekly _v15 June 2012 |
|
| 520 | _aEuro area construction output to fall 5% this year and next. Has the US housing market turned a corner? Japanese construction outlook looks more uncertain after rebuilding efforts. Weak GDP could force the hand of Reserve Bank of India in rate call dilemma. | ||
| 590 | _aKA | ||
| 650 | 2 | 4 | _aRICS GLOBAL REAL ESTATE WEEKLY |
| 651 | 4 | _aEurope | |
| 651 | 4 | _aJapan | |
| 651 | 4 | _aCanada | |
| 651 | 4 | _aUnited States | |
| 690 |
_aCommercial property _96227 |
||
| 690 |
_aResidential property _96266 |
||
| 690 |
_aConstruction management _96230 |
||
| 856 | 4 | 0 |
_uhttps://www.rics.org/site/download_feed.aspx?fileID=12087&fileExtension=PDF _zView the report at www.rics.org |
| 942 | _n0 | ||
| 999 |
_c114486 _d114486 |
||